Wojanowice - Statystyki

Ogólne statystyki
  • Ten quiz został rozwiązany 383 razy
  • Średni wynik to 7 z 10
Statystyki odpowiedzi
Zagadnienie Odpowiedź % Poprawnych
Nosi zawsze swój plecak. Ptyś
96%
Kocha różowy kolor Kati
95%
Co mama gotowała Noobkowi jak był mały Dirta
93%
Budował Wojanowice Wojan
90%
Śpiewał: Kocham Pojanowice całym mym selcem Noobek
80%
Budował tunel do Noobko-Ptysiowic Wojan
64%
O kim jest pierwszy komiks Wojanowic Hacker
62%
Jest najlepszym wokalistą na Wojanowicach Palion
58%
Kontrolował Hackera Pro
46%
Chciał zburzyć dom Wojana Pro
28%
Nie znaleziono quizów pasujących do podanych kryteriów
Rozkład punktacji
Procent ludzi z każdym wynikiem
Percentyl według liczby udzielonych odpowiedzi
Twoja historia wyników
Nie rozwiązałeś tego quizu